000 00323nam a22001457a 4500
008 230524b |||||||| |||| 00| 0 eng d
020 _a9789395759106
100 _aP. Diwan
245 _aFamily Law
250 _a13th Ed.
260 _aHaryana
_bALA Pub.
_c2023
300 _a617
546 _aEnglish
942 _2ddc
_cBK
999 _c20051
_d20051